1141 1963 1234 1360 1379 1729 1548 1980 1307 1514 1301 1753 1016 1599 1671 1188 1300 1096 1273 1511 1179 1891 1366 1198 1094 1862 1222 1942 1883 1921 1697 1365 1259 1531 1919 1184 1282 1825 1944 1320 1735 1433 1797 1195 1915 1232 1224 1608 1058 1015 1182 1074 1274 1111 1923 1256 1614 1615 1063 1090 1927 1590 1921 1635 1338 1957 1850 1984 1932 1342 1526 1512 1287 1551 1937 1330 1965 1014 1118 1864 1299 1976 1851 1273 1054 1636 1213 1721 1275 1852 1913 1075 1102 1762 1739 1677 1445 1187 1612 BCNSPRNW ULIB Ver.6.0+V

เปลี่ยนเป็นภาษาไทย

Change to English
 แสดงรายละเอียดบรรณานุกรม
  กลับหน้าหลัก

Brief Record : Get Marc (ISO 2709) : E-mail record : QR code < ปิดหน้าต่าง
LEADER : 00000nam 2200000uu 4500
001    13399115207
003     ULIB
008    120730s2553||||th 000 0 tha d
020    ^a9789744012548
060 04 ^aWY20.5^bบ418ร
100 0  ^aบุญใจ ศรีสถิตย์นรากูร
245 10 ^aระเบียบวิธีการวิจัยทางพยาบาลศาสตร์ =^bThe methodology innursing research /^cบุญใจ ศรีสถิตย์นรากูร
246 31 ^aThe methodology in nursing research
250    ^aพิมพ์ครั้งที่ 5
260    ^aกรุงเทพฯ :^bคณะพยาบาลศาสตร์ จุฬาลงกรณ์มหาวิทยาลัย,^c2553
300    ^a568 หน้า :^bภาพประกอบ ;^c26 ซม.
650  7 ^aการพยาบาล^xวิจัย^xวิธีวิทยา
650  7 ^aการพยาบาล^xการศึกษาและการสอน
650  7 ^aวิจัย
710 2  ^aจุฬาลงกรณ์มหาวิทยาลัย. ^bคณะพยาบาลศาสตร์
945    ^p400^l0^i032154
945    ^p400^l0^i028626
945    ^p400^l0^i028659
995    ^aเกษร
999    ^aใช้งานได้ทุกระบบ
รายการนี้ยังไม่มีแท็ก
คุณยังไม่ได้ล็อกอิน คุณสามารถมีกิจกรรมร่วมกับเว็บไซต์ได้ แต่ต้องล็อกอินก่อน ::
  ล็อกอิน

รายการสื่อสารสนเทศ

ลำดับที่ ประเภท เลขเรียก/บาร์โค้ด สถานที่ สถานะ
1. วิทยาศาสตร์การแพทย์ และสุขภาพ
วิทยาศาสตร์การแพทย์ และสุขภาพ
WY20.5 บ418ร ฉ.2 
  Barcode: 028626
ห้องสมุดวิทยาเขตสวรรค์ประชารักษ์
►นวนิยาย
บนชั้น
  ขอยืม

รายการใกล้เคียง
    ผู้แต่ง [บุญใจ ศรีสถิตย์นรากูร]

    หัวเรื่อง [วิจัย]

BibComment


ยังไม่เคยถูกคอมเมนท์

คอมเมนท์ทรัพยากรรายการนี้
  คอมเมนท์: ระเบียบวิธีการวิ..


 Copyright 2026. Bcnsprnw @Library